The Only Megacity... - Statistics

General Stats
  • This quiz has been taken 28,131 times
    27,954 since last reset
  • The average score is 14 of 20
Answer Stats
The only megacity ... City % Correct
in Peru Lima
97%
in northern Africa Cairo
89%
that spans two continents Istanbul
86%
on the island of Java Jakarta
86%
on an island in Europe London
85%
less than 500 km from Canada New York City
79%
in North America but not the U.S. Mexico City
78%
west of Mexico City Los Angeles
76%
north of London Moscow
76%
on the western coast of India Mumbai
72%
that is home to an emperor Tokyo
69%
south of Johannesburg Buenos Aires
67%
which was once controlled by Belgium Kinshasa
64%
in Asia that is predominantly Catholic Manila
62%
less than 150 km from the Caspian Sea Tehran
57%
whose name starts with O Osaka
54%
which has hosted the Winter Olympics Beijing
50%
named for a Communist Ho Chi Minh City
43%
whose name ends in "bad" Hyderabad
43%
named for a saint * São Paulo
43%
No matching quizzes found
Score Distribution
Percent of People with Each Score
Percentile by Number Answered
Your Score History
You have not taken this quiz since the last reset